LEADER 02822nam 2200565 450 001 9910465792303321 005 20200520144314.0 010 $a3-11-139579-0 024 7 $a10.1515/9783111395791 035 $a(CKB)3710000000718527 035 $a(MiAaPQ)EBC5049192 035 $a(DE-B1597)76285 035 $a(OCoLC)1002233017 035 $a(OCoLC)1004868473 035 $a(OCoLC)1011468343 035 $a(OCoLC)1013939589 035 $a(OCoLC)979834176 035 $a(OCoLC)999360821 035 $a(DE-B1597)9783111395791 035 $a(Au-PeEL)EBL5049192 035 $a(CaPaEBR)ebr11604837 035 $a(EXLCZ)993710000000718527 100 $a20180922d1929 uy 0 101 0 $ager 135 $aurcnu|||||||| 181 $ctxt$2rdacontent 182 $cc$2rdamedia 183 $acr$2rdacarrier 200 10$aReichsgesetz U?ber den Versicherungsvertrag $eNebst Dem Zugeho?rigen Einfu?hrungsgesetz; Vom 30. Mai 1908 /$fvon Ernst Robert Bruck 205 $a6., vollkommen neu bearb. Aufl. ; (16.-19. Tsd.). Reprint 2016 210 1$aBerlin ;$aLeipzig :$cWalter De Gruyter & Co.,$d1929. 215 $a1 online resource (732 pages) 225 1 $aGuttentagsche Sammlung deutscher Reichsgesetze ;$vNumber 83 311 $a3-11-103321-X 327 $tFrontmatter -- $tVorwort -- $tInhaltsübersicht -- $tAbkürzungen -- $tAllgemeine Borvemerkungen -- $tReichsgesetz über den Versicherungsvertrag -- $tErster Abschnitt. Vorschriften für sämtliche Versicherungszweige -- $tErster Titel. Allgemeine Vorschriften -- $tZweiter Titel. Anzeigepflicht. Gefahrerhöhung -- $tDritter Titel. Prämie -- $tVierter Titel. Versicherungsagenten -- $tZweiter Abschnitt. Schabensversicherung -- $tErster Titel. Vorschriften für die gesamte Schadensverficherung -- $tZweiter Titel. Feuerversicherung -- $tDritter Titel. Hagelversicherung -- $tVierter Titel. Bichverficherung -- $tFünfter Titel. Transportversicherung -- $tSechster Titel. Haftpflichtversicherung -- $tDritter Abschnitt. Lebensversicherung -- $t§§ 159-178 -- $tVierter Abschnitt. Unfallversicherung -- $t§§ 179-185 -- $tFünfter Abschnitt. Schlutzvorschriften -- $t§ 186-194 -- $tEinführungsgesetz zu dem Gesetz über den Versicherungsvertrag -- $tArtikel 1-6 -- $tSachregister -- $tBackmatter 410 0$aGuttentagsche Sammlung deutscher Reichsgesetze ;$vNumber 83. 606 $aInsurance law$zGermany 606 $aInsurance policies$zGermany 608 $aElectronic books. 615 0$aInsurance law 615 0$aInsurance policies 676 $a346.43086 700 $aBruck$b Ernst Robert$01041538 801 0$bMiAaPQ 801 1$bMiAaPQ 801 2$bMiAaPQ 906 $aBOOK 912 $a9910465792303321 996 $aReichsgesetz U?ber den Versicherungsvertrag$92465132 997 $aUNINA LEADER 02454nam 2200529 450 001 9910154699003321 005 20200520144314.0 010 $a1-4411-2728-3 035 $a(CKB)3710000000109368 035 $a(EBL)1749450 035 $a(SSID)ssj0001305182 035 $a(PQKBManifestationID)11712414 035 $a(PQKBTitleCode)TC0001305182 035 $a(PQKBWorkID)11248660 035 $a(PQKB)11279658 035 $a(MiAaPQ)EBC1749450 035 $a(Au-PeEL)EBL1749450 035 $a(CaPaEBR)ebr10866909 035 $a(CaONFJC)MIL615682 035 $a(OCoLC)893331009 035 $a(EXLCZ)993710000000109368 100 $a20140515d2001 uy| 0 101 0 $aeng 135 $aur|n|---||||| 181 $ctxt 182 $cc 183 $acr 200 10$aDoing qualitative educational research $ea personal guide to the research process /$fGeoffrey Walford 210 1$aLondon :$cContinuum,$d2001. 215 $a1 online resource (208 p.) 300 $aDescription based upon print version of record. 311 $a0-8264-4701-5 320 $aIncludes bibliographical references and index. 327 $aCover; Contents; Preface; 1 Introduction; 2 Choice of research site and problematic access; 3 Gaining access to research sites; 4 First days in the field; 5 Research role conflicts and compromises; 6 Interviews; 7 Researching yourself; 8 Political commitment; 9 Ethics; 10 On analysis and theory; 11 Publication; 12 Conclusion; Bibliography; Index; A; B; C; D; E; F; G; H; I; J; K; L; M; N; O; P; R; S; T; V; W; Y 330 $aGeoffrey Walford, a renowned and experienced researcher, reflects upon the trials and tribulations and the problems and promises of conducting research - and also on the links between the idiosyncrasies and circumstances of researchers and what is possible in research. Research is revealed as a much more complicated process than is usually recognized, sometimes messy and disorganized, sometimes constrained in unexpected ways, but always challenging to both researcher and reader. 606 $aEducation$xResearch$xMethodology 608 $aElectronic books. 615 0$aEducation$xResearch$xMethodology. 676 $a370.7/2 700 $aWalford$b Geoffrey$0911995 801 0$bMiAaPQ 801 1$bMiAaPQ 801 2$bMiAaPQ 906 $aBOOK 912 $a9910154699003321 996 $aDoing qualitative educational research$92129404 997 $aUNINA